Svetová recesia a jej vplyv na sociálne režimy štátov Európskej únie dizertačná práca

Salvato in:
Dettagli Bibliografici
Autore principale: Vašková, Miriama
Ente Autore: Ekonomická univerzita v Bratislave. Fakulta medzinárodných vzťahov
Altri autori: Sipko, Juraj
Natura: Libro
Lingua:slovacco
Pubblicazione: Bratislava 2015
Soggetti:
Tags: Aggiungi Tag
Nessun Tag, puoi essere il primo ad aggiungerne!!

MARC

LEADER 00000nbm a2200000 4500
001 0205122
005 20230302104855.0
041 0 |a slo 
044 |a SK 
245 1 0 |a Svetová recesia a jej vplyv na sociálne režimy štátov Európskej únie  |b dizertačná práca  |c Miriama Vašková ; školiteľ: Juraj Sipko 
264 1 |a Bratislava  |c 2015 
300 |a 184 s. 
610 2 0 |a recesia 
610 2 0 |a rast hospodársky 
610 2 0 |a produkt národný hrubý 
610 2 0 |a nerovnosť sociálna 
610 2 0 |a Európska únia 
100 1 |a Vašková, Miriama 
700 1 |a Sipko, Juraj 
710 2 |a Ekonomická univerzita v Bratislave. Fakulta medzinárodných vzťahov